Estudios sobre la renta del suelo / (Record no. 61075)

MARC details
000 -LEADER
campo de control de longitud fija 00736nam a2200181 i 4500
001 - NÚMERO DE CONTROL
campo de control 61075
003 - IDENTIFICADOR DE NÚMERO DE CONTROL
campo de control ES-MaACL
007 - CAMPO FIJO DE DESCRIPCIÓN FÍSICA--INFORMACIÓN GENERAL
campo de control de longitud fija t|
008 - DATOS DE LONGITUD FIJA--INFORMACIÓN GENERAL
campo de control de longitud fija 031110s1985 sp ||||1| spa d
020 ## - NÚMERO INTERNACIONAL ESTÁNDAR DEL LIBRO
Número Internacional Estándar del Libro 84-505-1490-8
245 00 - MENCIÓN DEL TÍTULO
Título Estudios sobre la renta del suelo /
Mención de responsabilidad, etc. Allen J. Scott ... [et al.] ; textos compilados por Maite Martínez Pardo.
260 ## - PUBLICACIÓN, DISTRIBUCIÓN, ETC.
Lugar de publicación, distribución, etc. Madrid :
Nombre del editor, distribuidor, etc. Comunidad de Madrid, Consejería de Ordenación del Territorio, Medio Ambiente y Vivienda,
Fecha de publicación, distribución, etc. 1985.
300 ## - DESCRIPCIÓN FÍSICA
Extensión 389 p. ;
Dimensiones 21 cm.
700 1# - ENTRADA AGREGADA--NOMBRE PERSONAL
Nombre de persona Scott, Allen J.
9 (RLIN) 104942
700 1# - ENTRADA AGREGADA--NOMBRE PERSONAL
Nombre de persona Martínez Pardo, Maite.
9 (RLIN) 78306
710 2# - ENTRADA AGREGADA--NOMBRE DE ENTIDAD CORPORATIVA
Nombre de entidad corporativa o nombre de jurisdicción como elemento de entrada Madrid (Comunidad Autónoma).
Unidad subordinada Consejería de Ordenación del Territorio, Medio Ambiente y Vivienda.
9 (RLIN) 5605
852 ## - LOCALIZACIÓN
Ubicación ES-MaACL
Número de control de estantería L-8761
Sublocalización o colección R.109286
Holdings
Estatus retirado Estado de pérdida Estado de daño No para préstamo Biblioteca de origen Biblioteca actual Ubicación en estantería Fecha de adquisición Fuente de adquisición Total de préstamos Signatura topográfica completa Código de barras Visto por última vez Precio de reemplazo Tipo de ítem Koha
        Biblioteca del Ateneo de Madrid Biblioteca del Ateneo de Madrid Depósito 2 17/01/2008     L-8761 1064046 23/02/2023 23/02/2023 Libro impreso